Machine drawing, Part I / (Record no. 1932)
[ view plain ]
| 000 -LEADER | |
|---|---|
| fixed length control field | 00410cam a2200157ua 4500 |
| 020 ## - INTERNATIONAL STANDARD BOOK NUMBER | |
| ISBN | 139780074603376 |
| 082 ## - DEWEY DECIMAL CLASSIFICATION NUMBER | |
| Classification number | 621.8152 |
| Item number | SID/MA |
| 100 ## - MAIN ENTRY--AUTHOR NAME | |
| Personal name | Sidheswar, N . |
| 245 ## - TITLE STATEMENT | |
| Title | Machine drawing, Part I / |
| 250 ## - EDITION STATEMENT | |
| Edition statement | 5 / |
| 260 ## - PUBLICATION, DISTRIBUTION, ETC. (IMPRINT) | |
| Place of publication | New Delhi |
| Name of publisher | Tata Mc-Graw Hill Publishing Company , |
| Year of publication | 1985. |
| 300 ## - PHYSICAL DESCRIPTION | |
| Number of Pages | 267 ; . |
| 700 1# - ADDED ENTRY--PERSONAL NAME | |
| Personal name | Kannaiah, P . |
| 700 1# - ADDED ENTRY--PERSONAL NAME | |
| Personal name | Sastry, V.V.S . |
| 942 ## - ADDED ENTRY ELEMENTS (KOHA) | |
| Koha item type | Books |
| Withdrawn status | Lost status | Damaged status | Home library | Current library | Date acquired | Full call number | Accession Number | Koha item type | Collection code | Shelving location | Source of acquisition | Cost, normal purchase price |
|---|---|---|---|---|---|---|---|---|---|---|---|---|
| KAUAET | KAUAET | 07/04/2012 | 621.8152 | 15670 | Books | |||||||
| KAUAET | KAUAET | 30/03/2013 | 621.8152 SID/MA | 24077 | Books | General Stacks | Aman Book Stall, Calicut | 450.00 |
